[Event "AUT-chT3 9798"]
[Site "Vorarlberg "]
[Date "1997.12.05"]
[Round "5"]
[White "Grabher, Heinz"]
[Black "Sonnberger, Reinhard"]
[Result "0-1"]
[WhiteElo "2260"]
[BlackElo "2250"]
[PlyCount "92"]
[EventDate "1997.??.??"]
[EventType "team-tourn"]
[EventRounds "9"]
[EventCountry "AUT"]
[SourceTitle "EXT 1999"]
[Source "ChessBase"]
[SourceDate "1998.11.16"]
[SourceVersion "1"]
[SourceVersionDate "1998.11.16"]
[SourceQuality "1"]

1. e4 e5 2. Bc4 Nf6 3. d3 c6 4. Nf3 d5 5. Bb3 Bd6 6. 0-0 dxe4 7. dxe4 0-0 8. Nbd2 Qe7 9. Qe2 Na6 10. c3 Nc5 11. Bc2 b6 12. b4 Ba6 13. Nc4 Qe6 14. Nfd2 Ncd7 15. Bd3 Bc7 16. Ne3 Bxd3 17. Qxd3 a5 18. a4 Rfd8 19. Nf5 g6 20. Qg3 Nh5 21. Qf3 Qf6 22. Nc4 gxf5 23. Qxh5 f4 24. bxa5 bxa5 25. Ba3 Qe6 26. Rad1 Nf6 27. Qe2 Kh8 28. Rxd8+ Rxd8 29. Rb1 Qd7 30. f3 Kg7 31. Kf2 Bb8 32. g3 Qh3 33. Kg1 fxg3 34. Qg2 Ba7+ 35. Kh1 Qxg2+ 36. Kxg2 gxh2 37. Kxh2 Rd3 38. Nxe5 Rxc3 39. Be7 Rc2+ 40. Kh3 Rc3 41. Rb7 Bd4 42. Bxf6+ Kxf6 43. Ng4+ Kg6 44. Kg3 h5 45. Rd7 c5 46. Rd6+ Kg7 0-1

[Event "AUT-chT3 9798"]
[Site "Vorarlberg "]
[Date "1997.10.17"]
[Round "2"]
[White "Sonnberger, Reinhard"]
[Black "Plieger, Josef"]
[Result "1-0"]
[WhiteElo "2250"]
[BlackElo "2090"]
[PlyCount "39"]
[EventDate "1997.??.??"]
[EventType "team-tourn"]
[EventRounds "9"]
[EventCountry "AUT"]
[SourceTitle "EXT 1999"]
[Source "ChessBase"]
[SourceDate "1998.11.16"]
[SourceVersion "1"]
[SourceVersionDate "1998.11.16"]
[SourceQuality "1"]

1. e4 c6 2. d4 d5 3. Nc3 dxe4 4. Nxe4 Nd7 5. Bd3 Ngf6 6. Ng5 h6 7. Ne6 Qb6 8. Nf3 c5 9. Nxf8 Nxf8 10. dxc5 Qxc5 11. 0-0 a6 12. Re1 e6 13. Be3 Qc7 14. c4 N8d7 15. Qd2 Ne5 16. Nxe5 Qxe5 17. Bf4 Qc5 18. b4 Qc6 19. Rad1 b6 20. Be4 1-0

[Event "Staufer op 09th"]
[Site "Schwaebisch Gmuend"]
[Date "1997.??.??"]
[Round "9"]
[White "Jurek, Josef"]
[Black "Sonnberger, Reinhard"]
[Result "1/2-1/2"]
[WhiteElo "2390"]
[BlackElo "2230"]
[PlyCount "118"]
[EventDate "1997.01.??"]
[EventType "swiss"]
[EventRounds "9"]
[EventCountry "GER"]
[SourceTitle "EXT 1998"]
[Source "ChessBase"]
[SourceDate "1997.11.17"]
[SourceVersion "1"]
[SourceVersionDate "1997.11.17"]
[SourceQuality "1"]

1. Nf3 Nf6 2. c4 g6 3. d4 Bg7 4. g3 0-0 5. Bg2 d6 6. Nc3 Nbd7 7. 0-0 e5 8. e4 c6 9. h3 Qb6 10. Re1 exd4 11. Nxd4 Re8 12. Na4 Qd8 13. b3 Nc5 14. Nc3 a5 15. Rb1 Qb6 16. Be3 Qb4 17. Qc2 Nfd7 18. Na4 Nxa4 19. bxa4 Qa3 20. Bc1 Qc5 21. Nb3 Qe5 22. Rd1 Nc5 23. Bb2 Qe7 24. Bxg7 Kxg7 25. Nxc5 dxc5 26. Rb3 Rd8 27. Qb2+ Kg8 28. Rxd8+ Qxd8 29. Qe5 Qf8 30. Qc7 Be6 31. Bf1 Rd8 32. Rxb7 Qd6 33. Qxd6 Rxd6 34. Ra7 Rd1 35. Kg2 Bxh3+ 36. Kxh3 Rxf1 37. Kg2 Rc1 38. Rxa5 Rxc4 39. e5 Rc2 40. a3 Rc3 41. Ra8+ Kg7 42. Ra7 Kg8 43. f4 h5 44. Kh3 Rxa3 45. Kh4 c4 46. a5 c3 47. Rc7 Rxa5 48. Rxc6 Kg7 49. Rxc3 Ra6 50. Rc7 Re6 51. Kg5 Ra6 52. Re7 Kf8 53. Rd7 Kg7 54. Rd6 Ra5 55. Rb6 Rc5 56. Rb7 Rc6 57. f5 gxf5 58. Kxh5 Re6 59. Rb5 Rg6 1/2-1/2

[Event "Staufer op 09th"]
[Site "Schwaebisch Gmuend"]
[Date "1997.??.??"]
[Round "7"]
[White "Markgraf, Daniel"]
[Black "Sonnberger, Reinhard"]
[Result "0-1"]
[WhiteElo "1960"]
[BlackElo "2230"]
[PlyCount "60"]
[EventDate "1997.01.??"]
[EventType "swiss"]
[EventRounds "9"]
[EventCountry "GER"]
[SourceTitle "EXT 1998"]
[Source "ChessBase"]
[SourceDate "1997.11.17"]
[SourceVersion "1"]
[SourceVersionDate "1997.11.17"]
[SourceQuality "1"]

1. e4 e5 2. Nf3 Nf6 3. Nc3 Nc6 4. Bb5 Bb4 5. 0-0 0-0 6. d3 d6 7. Bg5 Bxc3 8. bxc3 Qe7 9. Qd2 Nd8 10. Ne1 Ne6 11. Bh4 h6 12. Bc4 Nf4 13. Rb1 g5 14. Bg3 Kh7 15. f3 b6 16. Bf2 Rg8 17. Be3 Bb7 18. g3 d5 19. Bb3 dxe4 20. fxe4 Rad8 21. Bxf4 gxf4 22. Qf2 Ng4 23. Qf3 Rg7 24. Ng2 f5 25. gxf4 fxe4 26. dxe4 exf4 27. Qxf4 Qxe4 28. Qxe4+ Bxe4 29. Rf7 Rxf7 30. Bxf7 Rd2 0-1

[Event "Staufer op 09th"]
[Site "Schwaebisch Gmuend"]
[Date "1997.??.??"]
[Round "4"]
[White "Sonnberger, Reinhard"]
[Black "Braig, Frank"]
[Result "1/2-1/2"]
[WhiteElo "2230"]
[BlackElo "2000"]
[PlyCount "34"]
[EventDate "1997.01.??"]
[EventType "swiss"]
[EventRounds "9"]
[EventCountry "GER"]
[SourceTitle "EXT 1998"]
[Source "ChessBase"]
[SourceDate "1997.11.17"]
[SourceVersion "1"]
[SourceVersionDate "1997.11.17"]
[SourceQuality "1"]

1. e4 c6 2. d4 d5 3. exd5 Qxd5 4. Nf3 Bf5 5. Be2 Nf6 6. 0-0 e6 7. b3 Be7 8. Bb2 Nbd7 9. c4 Qa5 10. Nc3 0-0 11. Qd2 Qc7 12. Rfe1 Rfe8 13. Bd3 Bg4 14. Ne5 Nxe5 15. dxe5 Nd7 16. Ne4 Nxe5 17. Bc2 Ng6 1/2-1/2

[Event "Goetzis IM 4th"]
[Site "Goetzis"]
[Date "1997.??.??"]
[Round "3"]
[White "Sonnberger, Reinhard"]
[Black "Kelecevic, Nedeljko"]
[Result "1/2-1/2"]
[WhiteElo "2255"]
[BlackElo "2435"]
[PlyCount "61"]
[EventDate "1997.09.??"]
[EventType "tourn"]
[EventRounds "9"]
[EventCountry "AUT"]
[EventCategory "4"]
[SourceTitle "EXT 1998"]
[Source "ChessBase"]
[SourceDate "1997.11.17"]
[SourceVersion "1"]
[SourceVersionDate "1997.11.17"]
[SourceQuality "1"]

1. e4 e6 2. d4 d5 3. Nd2 c5 4. exd5 Qxd5 5. Ngf3 cxd4 6. Bc4 Qc5 7. 0-0 Nc6 8. a3 Nf6 9. b4 Qh5 10. Nb3 a5 11. b5 Ne5 12. Nxe5 Qxe5 13. Re1 Qc7 14. Qxd4 Bd6 15. b6 Qd8 16. Rd1 Be7 17. Bb5+ Bd7 18. Qa4 Nd5 19. Bxd7+ Qxd7 20. Qxd7+ Kxd7 21. c4 a4 22. Nd4 Nxb6 23. Nf5+ Ke8 24. Nxg7+ Kf8 25. Bh6 Bf6 26. Rab1 Bxg7 27. Bxg7+ Kxg7 28. Rxb6 Rhd8 29. Rxd8 Rxd8 30. g3 Rd3 31. Rxb7 1/2-1/2

[Event "Tuebingen-ch 55th"]
[Site "Tuebingen"]
[Date "1996.??.??"]
[Round "?"]
[White "Dieringer, Juergen"]
[Black "Sonnberger, Reinhard"]
[Result "1-0"]
[WhiteElo "1960"]
[BlackElo "2090"]
[PlyCount "87"]
[EventDate "1996.??.??"]
[EventType "swiss"]
[EventRounds "9"]
[EventCountry "GER"]
[SourceTitle "EXT 1999"]
[Source "ChessBase"]
[SourceDate "1998.11.16"]
[SourceVersion "1"]
[SourceVersionDate "1998.11.16"]
[SourceQuality "1"]

1. e4 e5 2. d3 Nc6 3. Nf3 Nf6 4. Nbd2 g6 5. Be2 Bg7 6. 0-0 0-0 7. c3 d6 8. Re1 Nh5 9. Bf1 f5 10. exf5 Bxf5 11. Ne4 Kh8 12. Bg5 Qd7 13. Nh4 Be6 14. g3 Rf7 15. Be3 Rff8 16. Ng5 Bg8 17. Bh3 Qe8 18. Qc2 d5 19. Bc5 Rf6 20. f4 h6 21. fxe5 Nxe5 22. Bd4 hxg5 23. Bxe5 Qf7 24. Bxf6 Qxf6 25. Ng2 Qd6 26. d4 c5 27. dxc5 Qxc5+ 28. Qf2 d4 29. Rad1 Rd8 30. Kh1 Qd6 31. cxd4 Bxd4 32. Qf3 Qc5 33. Qe4 Rd6 34. Qxb7 Nf6 35. b4 Qc2 36. Qe7 g4 37. Rc1 Qf5 38. Qxd6 gxh3 39. Qxd4 hxg2+ 40. Kg1 Bd5 41. Rc8+ Kg7 42. Rc5 Kh6 43. Rxd5 Nxd5 44. Qh8+ 1-0

[Event "Goetzis-A"]
[Site "Goetzis"]
[Date "1996.??.??"]
[Round "8"]
[White "Eiler, Gebhard"]
[Black "Sonnberger, Reinhard"]
[Result "0-1"]
[WhiteElo "2080"]
[BlackElo "2230"]
[PlyCount "124"]
[EventDate "1996.??.??"]
[EventType "tourn"]
[EventRounds "9"]
[EventCountry "AUT"]
[EventCategory "3"]
[SourceTitle "EXT 1998"]
[Source "ChessBase"]
[SourceDate "1997.11.17"]
[SourceVersion "1"]
[SourceVersionDate "1997.11.17"]
[SourceQuality "1"]

1. e4 e5 2. Nf3 Nf6 3. Nxe5 d6 4. Nf3 Nxe4 5. Nc3 Nf6 6. d4 d5 7. Bd3 Bg4 8. Bg5 Be7 9. 0-0 0-0 10. h3 Bh5 11. Re1 Nbd7 12. g4 Bg6 13. Ne5 Bxd3 14. Qxd3 Re8 15. Re2 Nf8 16. Rae1 c6 17. Qf5 Qb6 18. Bc1 Ne6 19. Nf3 Bb4 20. Bg5 Ne4 21. Nxe4 dxe4 22. Nd2 Nxd4 23. Rxe4 Nxf5 24. Rxe8+ Rxe8 25. Rxe8+ Bf8 26. gxf5 f6 27. Be3 Qb5 28. Ne4 Kf7 29. Rb8 Be7 30. Ng3 Bd6 31. Rd8 Bxg3 32. fxg3 Qxf5 33. Bxa7 Qxh3 34. Kf2 h5 35. b4 Qh2+ 36. Kf3 Qxc2 37. Rd7+ Kg6 38. Rxb7 Qxa2 39. Bc5 Qd5+ 40. Kf2 Qf5+ 41. Kg2 Qe4+ 42. Kf2 h4 43. gxh4 Qxh4+ 44. Kf3 Qh3+ 45. Kf2 Qf5+ 46. Kg2 Qg4+ 47. Kf2 Kf5 48. Bf8 g5 49. Bc5 Qf4+ 50. Ke2 g4 51. Rg7 Qf3+ 52. Ke1 Ke4 53. Re7+ Kd3 54. Rd7+ Kc3 55. Re7 Qh1+ 56. Kf2 f5 57. Re3+ Kc4 58. Kg3 Qh3+ 59. Kf4 Qf1+ 60. Kg5 Kd5 61. Re8 g3 62. Rf8 g2 0-1